All towers in Bloons TD 6 - Statistics

General Stats
  • This quiz has been taken 2,159 times
  • The average score is 19 of 21
Answer Stats
Hint Answer % Correct
Primary Dart Monkey
100%
Primary Boomerang Monkey
94%
Primary Tack Shooter
94%
Military Sniper
93%
Primary Ice Monkey
92%
Primary Bomb Shooter
91%
Primary Glue Gunner
91%
Magic Super Monkey
91%
Magic Wizard Monkey
91%
Support Banana Farm
90%
Military Heli Pilot
88%
Military Monkey Sub
88%
Magic Ninja Monkey
88%
Support Spike Factory
88%
Support Monkey Village
87%
Magic Druid
85%
Support Engineer Monkey
85%
Military Monkey Ace
85%
Military Monkey Buccaneer
81%
Magic Alchemist
80%
Military Mortar Monkey
73%
No matching quizzes found
Score Distribution
Percent of People with Each Score
Percentile by Number Answered
Your Score History
You have not taken this quiz